000170741 001__ 170741
000170741 005__ 20260429150230.0
000170741 037__ $$aTAZ-TFG-2025-4536
000170741 041__ $$aeng
000170741 1001_ $$aLarraz Jordan, Pablo
000170741 24200 $$aVoice Assistants for Personalised Learning: Development and Evaluation of a Prototype in an Agile Development Context
000170741 24500 $$aAsistentes de Voz para el Aprendizaje Personalizado: Desarrollo y Evaluación de un Prototipo en un Contexto de Desarrollo Ágil
000170741 260__ $$aZaragoza$$bUniversidad de Zaragoza$$c2025
000170741 506__ $$aby-nc-sa$$bCreative Commons$$c3.0$$uhttp://creativecommons.org/licenses/by-nc-sa/3.0/
000170741 520__ $$aEste Trabajo de Fin de Grado aborda la aplicación de asistentes conversacionales en el marco de la metodología ágil Scrum, con el objetivo de explorar cómo estas tecnologías pueden facilitar la gestión de proyectos de desarrollo de software. La investigación parte de un análisis de la evolución de los interfaces conversacionales, tanto de voz como de texto, y de su creciente integración en entornos organizativos. Se propone un prototipo de asistente conversacional orientado a apoyar a los equipos Scrum en situaciones clave: las reuniones diarias (Daily Stand-up), la gestión del Product Backlog y las revisiones de sprint (Sprint Review). Para ello, se diseñaron interacciones que permiten registrar el estado de las tareas, detectar bloqueos, priorizar elementos del backlog y generar resúmenes automáticos de los avances. El desarrollo del prototipo se contextualiza en una empresa ficticia, TechNova Solutions GmbH, lo que permitió simular escenarios de uso realista y evaluar el impacto de la herramienta en la comunicación y coordinación del equipo. Los resultados muestran que un asistente conversacional puede mejorar la eficiencia en la captura y difusión de información dentro del marco Scrum, contribuyendo a la transparencia, la reducción de tareas repetitivas y el soporte al rol del Scrum Master.<br />
000170741 521__ $$aGraduado en Ingeniería Informática
000170741 540__ $$aDerechos regulados por licencia Creative Commons
000170741 691__ $$a0
000170741 692__ $$a
000170741 700__ $$aSchimkat, Ralf$$edir.
000170741 700__ $$aFabra Caro, Francisco Javier$$edir.
000170741 7102_ $$aUniversidad de Zaragoza$$bInformática e Ingeniería de Sistemas$$cLenguajes y Sistemas Informáticos
000170741 8560_ $$f841983@celes.unizar.es
000170741 8564_ $$s5363370$$uhttps://zaguan.unizar.es/record/170741/files/TAZ-TFG-2025-4536.pdf$$yMemoria (eng)
000170741 909CO $$ooai:zaguan.unizar.es:170741$$pdriver$$ptrabajos-fin-grado
000170741 950__ $$a
000170741 951__ $$adeposita:2026-04-29
000170741 980__ $$aTAZ$$bTFG$$cEINA
000170741 999__ $$a20250929222003.CREATION_DATE